000 00479cam a2200193ua 4500
001 510
008 110412n ii |||gr||||Z||||||eng
020 _a81-7331-099-8
040 _cMAIN
082 _a327
245 1 _aTroubled border
_cby Bhubaneswar Bhattacharyya
250 _a1st.
260 _aGuwahati:
_bLawyer ,995.
300 _a388p:
_c30cm.
653 _aPolitical sience
653 _aTroubled border
700 _aBhattacharyya, Bhubaneswar.,
_eAuthor.
942 _cBK
999 _c449
_d449